Statistics for American Football Positions Map Quiz: Standard I Formation

Click here to take the quiz!

General Stats

  • This quiz has been taken 47 times
  • The average score is 9 of 10

Answers on the Map

Answers color-coded by a green-red scale on the quiz's map according to % correct below.
Loading ...
 

Answer Stats

Answer% Correct
Center
98%
Wide Receiver
95%
Right Gaurd
95%
Left Guard
95%
Left Tackle
93%
Quarterback
90%
Right Tackle
90%
Fullback
86%
Tight End
83%
Halfback
79%

Score Distribution

Percentile by Number Answered

Percent of People with Each Score

Your Score History

You have not taken this quiz